Wie liest man den Handelsteil einer Tageszeitung?
Uložené v:
| Médium: | Kniha |
|---|---|
| Jazyk: | German |
| Vydavateľské údaje: |
Frankfurt
Frankfurter Societäts-Druckerei
1930
|
| Tagy: |
Žiadne tagy, Buďte prvý, kto otaguje tento záznam!
|
MARC
| LEADER | 00000nam a2200000 4500 | ||
|---|---|---|---|
| 001 | 0307705 | ||
| 005 | 20250318122031.8 | ||
| 041 | 0 | |a ger | |
| 044 | |a DE | ||
| 245 | 1 | 0 | |a Wie liest man den Handelsteil einer Tageszeitung? |c Ernst Kahn |
| 264 | 1 | |a Frankfurt |b Frankfurter Societäts-Druckerei |c 1930 | |